Traité théorique et pratique d'électro-chimie (Record no. 159709)

MARC details
000 -LEADER
campo de control de longitud fija 00748nam a2200169 i 4500
001 - NÚMERO DE CONTROL
campo de control 159709
003 - IDENTIFICADOR DE NÚMERO DE CONTROL
campo de control ES-MaACL
005 - FECHA Y HORA DE LA ÚLTIMA TRANSACCIÓN
campo de control 20230906211740.0
008 - DATOS DE LONGITUD FIJA--INFORMACIÓN GENERAL
campo de control de longitud fija 011003s1900 fr a |||| | fre d
040 ## - FUENTE DE CATALOGACIÓN
Centro catalogador/agencia de origen CCPB | B
Lengua de catalogación spa
Centro/agencia transcriptor CCPB | B
100 1# - ENTRADA PRINCIPAL--NOMBRE DE PERSONA
Nombre de persona Minet, Adolphe.
9 (RLIN) 129945
245 10 - MENCIÓN DEL TÍTULO
Título Traité théorique et pratique d'électro-chimie
Resto del título : constantes chimiques, mécanique et életriques, systémes électrolytiques, lois générales de l'électrolyse ... /
Mención de responsabilidad, etc. par Adolphe Minet.
260 ## - PUBLICACIÓN, DISTRIBUCIÓN, ETC.
Lugar de publicación, distribución, etc. Paris :
Nombre del editor, distribuidor, etc. Librairie Polytechnique Ch. Béranger, successeur de Baudry et C\pie\s,
Fecha de publicación, distribución, etc. 1900 (
Lugar de fabricación/manufactura Evreux :
Fabricante Imp. de Charles Hérissey)
300 ## - DESCRIPCIÓN FÍSICA
Extensión IV, 586 p. :
Otras características físicas il. ;
Dimensiones 25 cm.
650 04 - PUNTO DE ACCESO ADICIONAL DE MATERIA--TÉRMINO DE MATERIA
Término de materia o nombre geográfico como elemento de entrada Electroquímica.
9 (RLIN) 12168
852 ## - LOCALIZACIÓN
Ubicación ES-MaACL
Número de control de estantería F-151
Nota libre -- Enc. tela
Holdings
Estatus retirado Estado de pérdida Estado de daño No para préstamo Colección Biblioteca de origen Biblioteca actual Ubicación en estantería Fecha de adquisición Fuente de adquisición Total de préstamos Signatura topográfica completa Código de barras Visto por última vez Precio de reemplazo Tipo de ítem Koha
        Libros del s. XIX Biblioteca del Ateneo de Madrid Biblioteca del Ateneo de Madrid Depósito 2 17/01/2008     F-151 1167197 23/02/2023 23/02/2023 Libro impreso antiguo